Les plus grandes villes du bassin de la Saône - Statistiques

Statistiques générales
  • Ce quiz a été pris 25 fois
  • Le résultat moyen est 10 sur 17
Statistiques - réponses
Question Réponse % Correct
523 905 Lyon
100%
163 169 Dijon
91%
35 494 Mâcon
83%
121 867 Besançon
78%
44 192 Chalon-sur-Saône
70%
15 444 Vesoul
70%
44 022 Belfort
61%
23 855 Dole
61%
16 942 Lons-le-Saunier
57%
25 593 Montbéliard
52%
35 683 Villefranche-sur-Saône
52%
5 771 Tournus
43%
18 253 Pontarlier
39%
5 439 Gray
30%
14 311 Belleville-en-Beaujolais
26%
7 747 Lure
26%
16 096 Montceau-les-Mines
17%
Aucun quiz correspondant
Distribution des résultats
% des personnes avec chaque résultat
Percentile par nombre de réponses
Votre historique - résultats
Vous n’avez pas pris ce quiz